• 首页
  • 本馆介绍
  • 公告通知
  • 最新文献
  • 馆藏检索
  • 电子资源
  • 读者导购
  • 参考咨询
  • 我的图书馆
  • 登录
  • 详细信息显示
  • 放入我的书架
  • 预约/预借图书
  • 作者相关作品
  • 分类相关作品
  • 丛书相关作品
  • 出版社相关作品

书目信息

  • 表格格式
  • 工作单格式
  • 卡片格式
题名:
邓伟志全集
    
 
作者: 邓伟志 , 邓伟志 著
分册: 一   社会学卷
出版信息: 上海   上海大学出版社  2013
页数: 413页
开本: 23cm
丛书名:
单 册:
中图分类: Z427.6 , C91-53
科图分类:
主题词: 社会科学--文集 , 自然科学--文集 , 社会学--文集 , 社会科学 , 自然科学 , 社会学
电子资源:
ISBN: 978-7-5671-0741-0
000 01032nam0 2200313 450
001 2334450566
005 20231130095116.26
010    @a978-7-5671-0741-0@b精装@dCNY78.00
100    @a20131114d2013 em y0chiy0120 ea
101 0  @achi
102    @aCN@b310000
105    @aa z 000yy
200 1  @a邓伟志全集@9deng wei zhi quan ji@h一@i社会学卷@b专著@f邓伟志
210    @a上海@c上海大学出版社@d2013
215    @a413页@c彩照@d23cm
300    @a邓伟志全集 15
330    @a本书收录了邓伟志先生在1960年至1991年间写的有关社会学方面的文章,包括:《农民的住宅问题》、《问题不只是缺医少药》、《对农民的初步认识》、《毛泽东称赞马寅初的节育理论》、《社会规范与城市改革》等。
606 0  @a社会科学@j文集
606 0  @a自然科学@j文集
606 0  @a社会学@j文集
606 0  @a社会科学
606 0  @a自然科学
606 0  @a社会学
690    @aZ427.6@v5
690    @aC91-53@v5
701  0 @a邓伟志@9deng wei zhi@f(1938 )@4著
701  0 @a邓伟志@Adeng wei zhi
801  2 @aCN@b58marc.cn@c20150101
905    @aBZT@dZ427.6@e5:3:1
    
    邓伟志全集.一.社会学卷/邓伟志.-上海:上海大学出版社,2013
    413页:彩照;23cm
    邓伟志全集 15
    
    ISBN 978-7-5671-0741-0(精装):CNY78.00
    本书收录了邓伟志先生在1960年至1991年间写的有关社会学方面的文章,包括:《农民的住宅问题》、《问题不只是缺医少药》、《对农民的初步认识》、《毛泽东称赞马寅初的节育理论》、《社会规范与城市改革》等。
●
相关链接 在五车中查询图书 在当当中查询图书 在豆瓣中查询图书


正题名:邓伟志全集     索取号:Z427.6/5:3:1         预约/预借

序号 登录号 条形码 馆藏地/架位号 状态 备注
1 2001168323   2001168323   中教(第二批第二书库)/山东中教(第二批)/2050/ [索取号:Z427.6/5:3:1] 在馆    
2 2001168324   2001168324   中教(第二批第二书库)/山东中教(第二批)/2050/ [索取号:Z427.6/5:3:1] 在馆    
3 2001168325   2001168325   中教(第二批第二书库)/山东中教(第二批)/2050/ [索取号:Z427.6/5:3:1] 在馆    
4 2001168326   2001168326   中教(第二批第二书库)/山东中教(第二批)/2050/ [索取号:Z427.6/5:3:1] 在馆    
5 2001168327   2001168327   中教(第二批第二书库)/山东中教(第二批)/2050/ [索取号:Z427.6/5:3:1] 在馆    
6 2001168328   2001168328   中教(第二批第二书库)/山东中教(第二批)/2050/ [索取号:Z427.6/5:3:1] 在馆    
7 2001168329   2001168329   中教(第二批第二书库)/山东中教(第二批)/2050/ [索取号:Z427.6/5:3:1] 在馆    
8 2001168330   2001168330   中教(第二批第二书库)/山东中教(第二批)/2050/ [索取号:Z427.6/5:3:1] 在馆    
9 2001168331   2001168331   中教(第二批第二书库)/山东中教(第二批)/2050/ [索取号:Z427.6/5:3:1] 在馆    
10 2001168332   2001168332   中教(第二批第二书库)/山东中教(第二批)/2050/ [索取号:Z427.6/5:3:1] 在馆    
11 2001168333   2001168333   中教(第二批第二书库)/山东中教(第二批)/2050/ [索取号:Z427.6/5:3:1] 在馆    
12 2001168334   2001168334   中教(第二批第二书库)/山东中教(第二批)/2050/ [索取号:Z427.6/5:3:1] 在馆    
13 2001168335   2001168335   中教(第二批第二书库)/山东中教(第二批)/2050/ [索取号:Z427.6/5:3:1] 在馆    
14 2001168336   2001168336   中教(第二批第二书库)/山东中教(第二批)/2050/ [索取号:Z427.6/5:3:1] 在馆    
15 2001168337   2001168337   中教(第二批第二书库)/山东中教(第二批)/2050/ [索取号:Z427.6/5:3:1] 在馆    
16 2001168338   2001168338   中教(第二批第二书库)/山东中教(第二批)/2050/ [索取号:Z427.6/5:3:1] 在馆    
17 2001168339   2001168339   中教(第二批第二书库)/山东中教(第二批)/2050/ [索取号:Z427.6/5:3:1] 在馆    
18 2001168340   2001168340   中教(第二批第二书库)/山东中教(第二批)/2050/ [索取号:Z427.6/5:3:1] 在馆    
19 2001168341   2001168341   中教(第二批第二书库)/山东中教(第二批)/2050/ [索取号:Z427.6/5:3:1] 在馆    
20 2001168342   2001168342   中教(第二批第二书库)/山东中教(第二批)/2050/ [索取号:Z427.6/5:3:1] 在馆    
21 2001168343   2001168343   中教(第二批第二书库)/山东中教(第二批)/2050/ [索取号:Z427.6/5:3:1] 在馆    
22 2001168344   2001168344   中教(第二批第二书库)/山东中教(第二批)/2050/ [索取号:Z427.6/5:3:1] 在馆    
23 2001168345   2001168345   中教(第二批第二书库)/山东中教(第二批)/2050/ [索取号:Z427.6/5:3:1] 在馆    
24 2001168346   2001168346   中教(第二批第二书库)/山东中教(第二批)/2050/ [索取号:Z427.6/5:3:1] 在馆    
25 2001168347   2001168347   中教(第二批第二书库)/山东中教(第二批)/2050/ [索取号:Z427.6/5:3:1] 在馆    
26 2001168348   2001168348   中教(第二批第二书库)/山东中教(第二批)/2050/ [索取号:Z427.6/5:3:1] 在馆    
27 2001168349   2001168349   中教(第二批第二书库)/山东中教(第二批)/2050/ [索取号:Z427.6/5:3:1] 在馆    
28 2001168350   2001168350   中教(第二批第二书库)/山东中教(第二批)/2050/ [索取号:Z427.6/5:3:1] 在馆    
29 2001168351   2001168351   中教(第二批第二书库)/山东中教(第二批)/2050/ [索取号:Z427.6/5:3:1] 在馆    
30 2001168352   2001168352   中教(第二批第二书库)/山东中教(第二批)/2050/ [索取号:Z427.6/5:3:1] 在馆    
山东省滨州职业学院图书馆 欢迎您!
大连网信软件有限公司© 版权所有